000 00558nam a2200229Ia 4500
003 OSt
005 20220924143923.0
006 a|||||r|||| 00| 0
007 ta
008 220923b |||||||| |||| 00| 0 urd d
024 _a310933
037 _cTextual
040 _aARTS
_cARTS
_burd
041 _2urd
_aurd
082 _aO68,1x, L8
100 _aAllahabadi Raaz
_9216839
245 0 _aDhad kanain
260 _c1978
650 _aURDU LITERATURE
942 _hO68,1x, L8
_cTEXL
_2CC
999 _c455804
_d455804